Statistics for Bake a funfetti cake from scratch

Click here to take the quiz!

General Stats

  • This quiz has been taken 21 times
  • The average score is 12 of 14

Answer Stats

HintAnswer% Correct
3 cupsAll-purpose flour
100%
1/2 teaspoonkosher salt
95%
4Large eggs
95%
1 cupMilk
95%
1 teaspoonSalt
95%
1 teaspoonVanilla extract
95%
1 teaspoonVanilla extract
95%
1 tablespoonBaking powder
89%
6 1/2 cupspowdered sugar
89%
Cake2 cupsWhite sugar
89%
1 cupUnsalted butter (softended)
79%
Frosting1 cupUnsalted butter (softended)
79%
3/4 cupSprinkles
74%
1/2 cup ofSprinkles
74%

Score Distribution

Percentile by Number Answered

Percent of People with Each Score

Your Score History

You have not taken this quiz